000 00913na a2200277 4500
001 24115
003 MIRAKIL
005 20181213155330.0
008 180524b tu 000 0
020 _a9783954555116
040 _aMilas
_btur
_cTR-AnCHP
041 _atur
082 _a306.089927
_bB31h 2017
090 _a306.089927 B31h 2017
100 _aBebel, August
245 _aHz. Muhammed-Arap Kültürü dönemi =Die Mohammedanisch- Arabische kulturperiode
_bİslam Kültürü dönemi ve rönesans
_cAugust Bebel ; çeviren Kıvılcım Bilgen
246 _aİslam Kültürü dönemi ve Rönesans
260 _aİstanbul
_bEton yayıncılık
_c2017
300 _a168 s.
_c21 sm.
600 _aHz. Muhammed
_d571-632
650 _aKültür
_xArap
650 _aİslam kültürü
700 _aBilgen, Kıvılcım
_eçev.
740 _aİslam Kültürü dönemi ve Rönesans
942 _2ddc
_cBKS
999 _c10672
_d10672